Madurai Region : (Record no. 763533)

MARC details
000 -LEADER
fixed length control field 01061nam a2200301 a 4500
001 - CONTROL NUMBER
control field vtls000942800
003 - CONTROL NUMBER IDENTIFIER
control field NLI
005 - DATE AND TIME OF LATEST TRANSACTION
control field 20210627091232.0
008 - FIXED-LENGTH DATA ELEMENTS--GENERAL INFORMATION
fixed length control field 111102s1975 ii b s000 0 eng
039 #9 - LEVEL OF BIBLIOGRAPHIC CONTROL AND CODING DETAIL [OBSOLETE]
-- 201111021736
-- VLOAD
040 ## - CATALOGING SOURCE
Original cataloging agency NLI
Language of cataloging eng
Transcribing agency Datasoft_IOD
Description conventions AACR2
041 0# - LANGUAGE CODE
Language code of text/sound track or separate title eng
044 ## - COUNTRY OF PUBLISHING/PRODUCING ENTITY CODE
MARC country code ii
082 04 - DEWEY DECIMAL CLASSIFICATION NUMBER
Classification number 338.95451
110 1# - MAIN ENTRY--CORPORATE NAME
Corporate name or jurisdiction name as entry element Tamil Nadu (India).
Subordinate unit Directorate of Town and Country Planning
9 (RLIN) 884928
245 10 - TITLE STATEMENT
Title Madurai Region :
Remainder of title a draft regional plan /
Statement of responsibility, etc. Directorate of Town and Country Planning, Government of Tamil Nadu
260 ## - PUBLICATION, DISTRIBUTION, ETC.
Place of publication, distribution, etc. Trivandrum :
Name of publisher, distributor, etc. Directorate of Town and Country Planning, Government of Tamil Nadu,
Date of publication, distribution, etc. 1975
300 ## - PHYSICAL DESCRIPTION
Extent iv, 161 p. :
Other physical details maps ;
Dimensions 31 cm.
650 #0 - SUBJECT ADDED ENTRY--TOPICAL TERM
Topical term or geographic name entry element Economic development
Geographic subdivision India
-- Tamil Nadu
651 #0 - SUBJECT ADDED ENTRY--GEOGRAPHIC NAME
Geographic name Tamil Nadu (India)
General subdivision Economic policy
651 #0 - SUBJECT ADDED ENTRY--GEOGRAPHIC NAME
Geographic name Tamil Nadu (India)
General subdivision Economic conditions
9 (RLIN) 884772
887 ## - NON-MARC INFORMATION FIELD
Content of non-MARC field
901 ## - LOCAL DATA ELEMENT A, LDA (RLIN)
a 85819 date
b 09.02.1978
901 ## - LOCAL DATA ELEMENT A, LDA (RLIN)
a 85808 date
b 09.02.1978
9 summary
902 ## - LOCAL DATA ELEMENT B, LDB (RLIN)
a GP 338.95451 T 152 md
942 ## - ADDED ENTRY ELEMENTS (KOHA)
Source of classification or shelving scheme Dewey Decimal Classification
Koha item type Books
Holdings
Withdrawn status Lost status Damaged status Not for loan Collection code Home library Current library Shelving location Date acquired Total Checkouts Full call number Date last seen Price effective from Koha item type
        Government Publications National Library of India National Library of India Annexe Reading Room & Stack Division     GP 338.95451 T 152 md 27/06/2021 27/06/2021 Books
                                                                           
web counter

Copyright ©2020 The National Library of India, Govt. of India ↔ Hosted by NVLI, MOC ↔ Technology and Design by National Library of India, Ministry of Culture, Govt. of India